000
00291nam a22001097a 4500
008
260504b |||||||| |||| 00| 0 eng d
082
_a
001666
245
_a
Grammar and Lind\guistics
260
_a
New Delhi
_b
Lal Bahadur Shastri Rashtriya Sanskrit Vidyapeetha,
300
_a
610p
942
_2
ddc
999
_c
1411
_d
1411